000 01484nam a2200265 a 4500
008 070521s2004 ||||||||||||||||| || u
020 _a0072862475
050 _aHD 66 Tub
100 _aTubbs, Stewart L., 1943-
245 1 2 _aA systems approach to small group interaction.-- 8th ed.
_cStewart L. Tubbs
250 _a8th ed.
260 _aBoston
_bMcGraw-Hill
_c2004
300 _axviii, 437p.: ill., variant pagings + CD-ROM
350 _a0.00
500 _aText accompanied by a CD-ROM
650 _aORGANIZATIONAL BEHAVIOUR
650 _aTEAMS IN THE WORKPLACE
650 _aSMALL GROUPS
650 0 _aMANAGEMENT
995 _aANNEX COLLECTION (Main Library)
_D0.00
_e737799
_FCBU-MAIN LIBRARY (Kitwe)
_H1
_I0.00
_jHD 66 Tub
_M1
_UAVAILABLE
_WMay 21, 2007
_y55043
_ZAnnex Low-Usage Collection
995 _aMAIN LIBRARY OPEN ACCESS
_D0.00
_e737801
_FCBU-MAIN LIBRARY (Kitwe)
_H1
_I0.00
_jHD 66 Tub
_M3
_UAVAILABLE
_WMay 21, 2007
_y55045
_ZMain Library Open Access Collection
995 _aANNEX COLLECTION (Main Library)
_D0.00
_e737802
_FCBU-MAIN LIBRARY (Kitwe)
_H1
_I0.00
_jHD 66 Tub
_M5
_UAVAILABLE
_WMay 21, 2007
_y55048
_ZAnnex Low-Usage Collection
995 _aMAIN LIBRARY OPEN ACCESS
_D0.00
_e737798
_FCBU-MAIN LIBRARY (Kitwe)
_H1
_I0.00
_jHD 66 Tub
_M2
_UAVAILABLE
_WMay 21, 2007
_y55044
_ZMain Library Open Access Collection
995 _aANNEX COLLECTION (Main Library)
_D0.00
_e737800
_FCBU-MAIN LIBRARY (Kitwe)
_H1
_I0.00
_jHD 66 Tub
_M4
_UAVAILABLE
_WMay 21, 2007
_y55046
_ZAnnex Low-Usage Collection
999 _c80892
_d80892